| 000 | 00618nam a22001697a 4500 | ||
|---|---|---|---|
| 999 |
_c15491 _d15491 |
||
| 003 | OSt | ||
| 008 | 180925b ||||| |||| 00| 0 eng d | ||
| 082 |
_a631.56 _bFAR/DE |
||
| 100 |
_aFaris K _aRinitha P _aSafvanath P _aSuparna Devu S _93346 |
||
| 245 | _aDevelopment and evaluation of equipment for starch extraction from arrowroot(koova) | ||
| 260 |
_bDepartment of food and agriculture process engineering _c2018 |
||
| 300 |
_a56 _eCD |
||
| 700 |
_aSreeja R (Guide) _93233 |
||
| 700 |
_aAnjineyulu Kothakotta (Guide) _93234 |
||
| 856 | _uhttps://drive.google.com/open?id=1yD0skgkoVkjDZocAuHpEpuXvKZCia4px | ||
| 942 | _cPR | ||